000 00809 a2200253 4500
005 20260409111541.0
008 260323b |||||||| |||| 00| 0 eng d
020 _a9788197346248 (hbk)
037 _cTB
040 _aCRL
_cCRL
041 _2URD
_aURD
084 _aO111,3M90,HD 168R4
_bCRL
100 _aChristie, Agatha
_91115528
245 _aHickori Dickori Dock
260 _aLucknow, India:
_bMatterlink Publishers,
_c2024.
300 _a239p.
365 _b500.00
_cINR
546 _aTranslated from English to Urdu
650 _aEnglish Literature
650 _aEnglish Fiction
700 _aYawar, Yaqoob
_eTranslator
942 _cTB
_2CC
_hO111,3M90,HD 168R4
999 _c1679501
_d1679501